Neighbouring Countries With No Common Letters In Their Name - Statistics

General Stats
  • This quiz has been taken 20 times
    5 since last reset
  • The average score is 7 of 10
Answer Stats
Continent Answer % Correct
S America Peru
100%
Africa Benin
80%
S America Bolivia
80%
Europe Greece
80%
Africa Togo
80%
Europe Albania
60%
Africa Egypt
60%
Asia Saudi Arabia
60%
Africa Sudan
60%
Asia Yemen
60%
No matching quizzes found
Score Distribution
Percent of People with Each Score
Percentile by Number Answered
Your Score History
You have not taken this quiz since the last reset